| 000 | 00434nam a22001337a 4500 | ||
|---|---|---|---|
| 005 | 20251108175507.0 | ||
| 008 | 250721s2000 xx 000 0 ara d | ||
| 100 | 1 | _aإبن تيمية، | |
| 245 | 1 | 0 | _aالمنتخب من مدونات التراث عزيز العظمة إبن تيمية / |
| 264 | 1 |
_a] د.م [ : _bرياض الريس للكتب و النشر، _c2000. |
|
| 300 | _a499ص. | ||
| 942 |
_2ddc _cBK |
||
| 999 |
_c135419 _d135419 |
||